| 000 | 01944cam a22004454i 4500 | ||
|---|---|---|---|
| 003 | PE-LiUPU | ||
| 005 | 20250731175616.0 | ||
| 008 | 150826s2011 miua rb 000 0 eng d | ||
| 020 |
_a0310493919 _q(pbk.) |
||
| 020 |
_a9780310493914 _q(pbk.) |
||
| 035 | _a(Sirsi) i9780310493914 | ||
| 040 |
_aDLC _cDLC _dIG# _dMRT _dDTM _dVP@ _dSGB _dDLC _dPE-LiUPU _erda |
||
| 049 | _aPRUA | ||
| 050 | 0 | 0 |
_aPJ5213 _b.V36 2011 |
| 082 | 0 | 0 |
_a492.29 _bV25 _222 |
| 100 | 1 |
_aVan Pelt, Miles V., _d1969- , _eautor. |
|
| 245 | 1 | 0 |
_aBasics of Biblical Aramaic : _bcomplete grammar, lexicon, and annotated text / _cMiles V. Van Pelt. |
| 264 | 1 |
_aGrand Rapids, Michigan : _bZondervan, _cc2011. |
|
| 300 |
_axiii, 235 páginas ; _c28 centímetros |
||
| 336 |
_atext _2rdacontent |
||
| 337 |
_aunmediated _2rdamedia |
||
| 338 |
_avolume _2rdacarrier |
||
| 504 | _aIncluye referencias bibliográficas. | ||
| 505 | 0 | _aAramaic phonological system -- Aramaic nominal state -- Aramaic verbal system: peal -- Aramaic verbal system: derived stems -- Charts and paradigms -- Annotated Biblical Aramaic text. | |
| 526 | _aP145 | ||
| 526 | _aP127 | ||
| 526 | _aP97 | ||
| 526 | _aP35 | ||
| 526 | _aP14 | ||
| 526 | _aP07 | ||
| 630 | 0 | 0 |
_aBiblia. _pA.T. _xLanguaje. |
| 650 | 0 |
_aArameo _xGramática. |
|
| 910 |
_ardg _bjck _crdg _d20150826 |
||
| 942 |
_2ddc _cBOOK |
||
| 949 |
_aPGT 492.29 V25 _wDEWEY _c1 _i71956 _d2016-6-13 _e2016-6-3 _lCCODEBUL1 _mBUL _n2 _p46.00 _r0 _sY _tBOOK _u2015-8-26 _xTEOLOGIA _PP85 _0COMPRA _o.CIRCNOTE. No olvidar cambiar la fecha de devolución!!!!!!! _o.STAFF. Posgrado |
||
| 994 |
_aC0 _bPEPRU |
||
| 596 | _a1 | ||
| 999 |
_aPGT 492.29 V25 _wDEWEY _c6850 _i71956 _d6850 _e2016-6-3 _f2021-11-11 _g5 _lCCODEBUL1 _mBUL _n2 _p46.00 _q1 _r0 _sY _tBOOK _u2015-8-26 _xTEOLOGIA _PP85 _0COMPRA _o.CIRCNOTE. No olvidar cambiar la fecha de devolución!!!!!!! _o.STAFF. Colección Teología |
||
| 980 |
_81 _gALBERTO SANCHEZ Responsable de Automatización |
||